000 02195cam a22004454i 4500
003 PE-LiUPU
005 20250731172936.0
008 150623s1997 miu r 000 0 eng d
020 _a0802843158
035 _a(Sirsi) i9780802843159
040 _aPE-LiUPU
_bspa
_cPE-LiUPU
_erda
049 _aPRUA
082 0 4 _a266.009 047
_bM52
_221
245 0 0 _aMaking christ known :
_bhistoric mission documents from the lausanne movement, 1974-1989.
264 1 _aMichigan :
_bWilliam B. Eerdmans Publishing Company,
_c1997.
300 _a264 páginas ;
_c24 centímetros
336 _atext
_2rdacontent
337 _aunmediated
_2rdamedia
338 _avolume
_2rdacarrier
505 0 _a1974 : The Lausanne covenant, with an exposition and commentary -- 1977 : The Pasadena Statement on the homogeneous unit principle -- 1978 : The Willowbank report on gospel and culture -- 1978 : The Glen Eyrie report on muslim evangelization -- 1980 : An evangelical commitment to simple lifestyle -- 1980 : The Thailand statement. a list of the 17 mini-consultation reports -- 1982 : The Grand Rapids report on evangelism and social responsibility: an evangelical commitment -- 1984-88 : Four consultations and their supporting documents -- 1989 : The Manila manifiesto, an elaboration of the Lausanne covenant 15 years later -- Appendix -- Index of subjects -- Index of biblical references.
526 _aSEG42
526 _aSEG41
526 _aSEG40
526 _aSEG39
526 _aP94
526 _aP87
526 _aP86
526 _aP85
526 _aP77
526 _aP76
526 _aP35
611 _aCongreso de evangelización mundial.
_dJulio 1974
_cLausane, Suiza.
700 1 _aStott, John R. W.,
_eeditor.
942 _2ddc
_cBOOK
949 _a266.009 047 M52
_wDEWEY
_c1
_i44403
_lCCODEBUL1
_mBUL
_r0
_sY
_tBOOK
_u2015-6-24
_xTEOLOGIA
_PP35
_0COMPRA
_o.STAFF. Colección General
994 _aC0
_bPEPRU
596 _a1
999 _a266.009 047 M52
_wDEWEY
_c21284
_i44403
_d21284
_e2017-11-2
_f2021-11-10
_g5
_lCCODEBUL1
_mBUL
_n2
_p24.02
_q2
_r0
_sY
_tBOOK
_u2015-6-24
_xTEOLOGIA
_PP35
_0COMPRA
_o.STAFF. Colección Teología
980 _81
_gALBERTO SANCHEZ Responsable de Automatización